| 000 | 00529nam a2200121Ia 4500 | ||
|---|---|---|---|
| 008 | 220615s9999||||xx |||||||||||||| ||und|| | ||
| 245 | 0 |
_aTwin-Control _bA Digital Twin Approach to Improve Machine Tools Lifecycle |
|
| 546 | _aEnglish[eng] | ||
| 650 | _aEngineering||Manufactures||Vibration||Dynamical systems||Dynamics||Control engineering||Machinery | ||
| 700 | _aArmendia, Mikel||Ghassempouri, Mani||Ozturk, Erdem||Peysson, Flavien | ||
| 856 | _uhttps://library.oapen.org/bitstream/20.500.12657/22911/1/1007250.pdf | ||
| 942 | _cEB | ||
| 999 |
_c14407 _d14407 |
||